000 00713nam a2200193Ii 4500
003 JO-AjNU
008 230605s9999||||xx |||||||||||||| ||und||
040 _aJO-AjNU
_bara
_erda
_cJO-AjNU
041 _aara
050 1 4 _aDD253
100 3 _aالانسي، نوري,
_eauthor
_920097
245 0 0 _aتاريخ المانيا النازية: تاريخ وتطور الحركة الهتلرية بين عام 1924و 1945، الجزء الثاني
264 3 1 _aبيروت: المكتبة العصرية، د.ت
300 _aج2: 22ص
336 _atext
_btxt
_2rdacontent
337 _aunmediated
_bn
_2rdamedia
338 _avolume
_bnc
_2rdacarrier
650 4 _aالمانيا النازية-تاريخ
_920098
999 _aA6751
_c10319
_d10319